000 00544pam a2200205 a 4500
020 _c
040 _aMedical College Lib.
041 _aENG
_hENG
082 _a617.3
_bCAM
100 _aCampbell, .
245 _aCampbell`s Operative Orthopaedics Vol - 4 /
_c
_hTextual Documents
250 _a5th /
_b.
260 _a :
_bMosby Year Book ,
_c1992.
300 _a79 ;
_c
365 _a1738=00
653 _aOrthopaedis
_aOrthopaedis
_aMedical Science
930 _a5340
999 _c5339
_d5339